=LDR 00000nam 2200000 4500 =001 INLIS000000000002304 =005 20130612090642 =008 ***********************************Ind** =035 ##$$0010-061300000002304 =041 ##$$a Ind =082 ##$$a 928 =090 ##$$a 928, Sai d =100 ##$$a Saini K.M =245 ##$$a Dramawan dan karyanya, oleh Saini K.M =260 ##$$a 1985 $b Bandung =300 ##$$a 64 hl., ilus, 21 cm =650 ##$$a Biografi Dramawan =850 ##$$a NBPNMAT